| 000 | 00631pam a2200205 a 4500 | ||
|---|---|---|---|
| 001 | 635723 | ||
| 005 | 20241105165007.0 | ||
| 008 | 930823s1994 mnuab 001 0 eng | ||
| 020 | _a0314028803 (recycled paper) | ||
| 050 | 0 | 0 |
_aT58.6 _b.R66 1994 |
| 082 | 0 | 0 |
_a658.4/038/011 _220 |
| 100 | 1 | _aRoss, Steven C. | |
| 245 | 1 | 0 |
_aUnderstanding information systems / _cSteven C. Ross. |
| 260 |
_aMinneapolis : _bWest Pub., _cc1994. |
||
| 300 |
_axix, 296 p. : _bill. (some col.), col. map ; _c26 cm. |
||
| 440 | 4 | _aThe Microcomputing series | |
| 500 | _aIncludes index. | ||
| 650 | 0 | _aManagement information systems. | |
| 942 |
_2lcc _cBK _n0 |
||
| 999 |
_c652 _d652 |
||